Experiencing theatre
Guardat en:
| Autor principal: | |
|---|---|
| Format: | Llibre |
| Idioma: | anglès |
| Publicat: |
Upper Saddle River
Prentice Hall
1984
|
| Matèries: | |
| Etiquetes: |
Afegir etiqueta
Sense etiquetes, Sigues el primer a etiquetar aquest registre!
|
MARC
| LEADER | 00000nam a2200000 a 4500 | ||
|---|---|---|---|
| 001 | UCU4945 | ||
| 003 | CL-VaPUC | ||
| 008 | 960531e19840000us |||||||||||||||||eng|d | ||
| 082 | 0 | 4 | |a 792 |b WOO |2 21 |
| 100 | 0 | |a Woods, Porter |e author |9 362719 | |
| 245 | 1 | 0 | |a Experiencing theatre |
| 300 | |a 279 p | ||
| 942 | |c BK | ||
| 945 | |d 19960531 00:00:00 |a rleighto | ||
| 260 | |a Upper Saddle River |b Prentice Hall |c 1984 | ||
| 600 | 0 | |a Musset, Alfred de, |d 1810-1857 |9 871558 | |
| 600 | 0 | |a Sófocles |e autor |9 269407 | |
| 650 | 0 | |a Teatro |9 265385 | |
| 650 | 0 | |a Drama |9 265034 | |
| 650 | 0 | |a Formas y géneros literarios |9 324031 | |
| 650 | 0 | |a Drama francés |9 313202 | |
| 650 | 0 | |a Tragedia griega |9 265362 | |
| 583 | |a last modification |c 20171205 01:44:14 |k Rodrigo Vera | ||
| 999 | |c 248469 |d 248467 | ||
| 952 | |0 0 |1 0 |4 0 |6 792_000000000000000_WOO_1984 |7 0 |8 A |9 265094 |a BIBEDU |b BIBEDU |d 2019-11-19 |i 3205428 |o 792 WOO 1984 |p 3205428 |r 2019-11-19 |w 2019-11-19 |y BK |k LIT | ||